[Event "Reykjavik op"]
[Site "Reykjavik"]
[Date "2019.04.10"]
[Round "4"]
[White "Sharifa, Rayan"]
[Black "Johannesson, Haki"]
[Result "0-1"]
[WhiteElo "1169"]
[BlackElo "1695"]
[PlyCount "148"]
[EventDate "2019.04.08"]
[EventType "swiss"]
[EventRounds "9"]
[EventCountry "ISL"]
[SourceTitle "CBM 189 Extra"]
[Source "ChessBase"]
[SourceDate "2019.05.31"]
[SourceVersion "1"]
[SourceVersionDate "2019.05.31"]
[SourceQuality "1"]

1. e4 e5 2. Nf3 Nc6 3. d4 exd4 4. Nxd4 Nxd4 5. Qxd4 Qf6 6. e5 Qb6 7. Qxb6 axb6 8. Bc4 Bc5 9. Nc3 Bb4 10. Bd2 Bxc3 11. Bxc3 Ne7 12. 0-0-0 Nc6 13. a3 0-0 14. f4 Ra4 15. Ba2 Rxf4 16. Rhf1 Rxf1 17. Rxf1 Nd8 18. a4 Ne6 19. a5 bxa5 20. Bxa5 b6 21. Bc3 Bb7 22. g3 c5 23. Rd1 Bc6 24. Rd6 Ra8 25. Kb1 Kf8 26. Bd5 Bxd5 27. Rxd5 Ke7 28. Rd6 Rb8 29. b4 Ng5 30. Rd3 Rc8 31. bxc5 bxc5 32. Bb2 Rc6 33. Ba3 Ne6 34. h4 Ra6 35. Rc3 Rc6 36. Rd3 Rc7 37. Kc1 f6 38. Bb2 fxe5 39. Bxe5 Rc6 40. Re3 g6 41. Kd2 Rc8 42. Ke2 Ra8 43. c3 d6 44. Bf4 Kd7 45. Bh6 Re8 46. Kf3 Re7 47. Kg4 d5 48. c4 d4 49. Rd3 Rf7 50. h5 Kd6 51. hxg6 hxg6 52. Bf4+ Nxf4 53. gxf4 Re7 54. Kf3 Re1 55. Rb3 Kc6 56. Ra3 Rb1 57. Ke2 Rb6 58. Rg3 Kb7 59. Rg5 Rc6 60. Rd5 Kb6 61. Kd3 Ka5 62. Rd7 Rb6 63. Ra7+ Kb4 64. Rg7 Ka3 65. Ra7+ Kb4 66. Re7 Rc6 67. Rb7+ Ka5 68. Ra7+ Kb6 69. Re7 Rd6 70. Re5 Kc6 71. Re7 Rf6 72. Re4 Kd6 73. Kd2 Re6 74. Rxe6+ Kxe6 0-1

[Event "Reykjavik op"]
[Site "Reykjavik"]
[Date "2018.03.12"]
[Round "7"]
[White "Meyer, Juergen"]
[Black "Johannesson, Haki"]
[Result "1/2-1/2"]
[WhiteElo "1926"]
[BlackElo "1696"]
[PlyCount "73"]
[EventDate "2018.03.06"]
[EventType "swiss"]
[EventRounds "9"]
[EventCountry "ISL"]
[SourceTitle "CBM 183 Extra"]
[Source "ChessBase"]
[SourceDate "2018.04.19"]
[SourceVersion "1"]
[SourceVersionDate "2018.04.19"]
[SourceQuality "1"]

1. e4 e5 2. d4 exd4 3. Qxd4 Nc6 4. Qe3 d6 5. Bd2 Nf6 6. Nc3 Be7 7. 0-0-0 Be6 8. f4 Ng4 9. Qe1 Bf6 10. h3 Nh6 11. g4 Ng8 12. g5 Bxc3 13. Bxc3 f6 14. Kb1 Qe7 15. Nf3 0-0-0 16. Bg2 Qf7 17. b3 Nge7 18. f5 Bd7 19. Bf1 Ne5 20. Nxe5 dxe5 21. Qe3 Kb8 22. Bc4 Qh5 23. h4 Bc6 24. Be2 Rxd1+ 25. Bxd1 Qf7 26. Be2 Rd8 27. h5 Nxf5 28. Qf2 Bxe4 29. Bc4 Qd7 30. Re1 Nd6 31. gxf6 gxf6 32. Qxf6 Nxc4 33. bxc4 Bc6 34. Qxe5 Re8 35. Qxe8+ Qxe8 36. Rxe8+ Bxe8 37. h6 1/2-1/2

[Event "Reykjavik op"]
[Site "Reykjavik"]
[Date "2018.03.11"]
[Round "6"]
[White "Johannesson, Haki"]
[Black "Petersson, Baldur Teodor"]
[Result "1/2-1/2"]
[WhiteElo "1696"]
[BlackElo "2073"]
[PlyCount "163"]
[EventDate "2018.03.06"]
[EventType "swiss"]
[EventRounds "9"]
[EventCountry "ISL"]
[SourceTitle "CBM 183 Extra"]
[Source "ChessBase"]
[SourceDate "2018.04.19"]
[SourceVersion "1"]
[SourceVersionDate "2018.04.19"]
[SourceQuality "1"]

1. e4 c5 2. Nf3 e6 3. c3 b6 4. d4 Bb7 5. Bd3 Nf6 6. Qe2 Be7 7. 0-0 Qc7 8. b3 d6 9. Bg5 Nc6 10. Nbd2 h6 11. Bxf6 Bxf6 12. dxc5 dxc5 13. Rac1 g5 14. Rfd1 g4 15. Ne1 h5 16. Ba6 0-0-0 17. Bxb7+ Kxb7 18. Nc4 Ne5 19. Rxd8 Rxd8 20. Nxe5 Bxe5 21. g3 Qd6 22. f4 gxf3 23. Nxf3 Bg7 24. e5 Qd7 25. Qe4+ Qd5 26. Qxd5+ exd5 27. Kg2 Re8 28. Rf1 f6 29. exf6 Bxf6 30. c4 d4 31. Re1 Rd8 32. h3 Ka6 33. g4 hxg4 34. hxg4 Ka5 35. a3 d3 36. Rd1 Bb2 37. g5 Bxa3 38. Ne5 Rg8 39. Nc6+ Ka6 40. Rxd3 Rxg5+ 41. Kf3 Rg7 42. Nb8+ Kb7 43. Rd7+ Rxd7 44. Nxd7 Bb2 45. Nf8 Kc6 46. Ke4 Kd6 47. Ng6 Bc1 48. Ne5 Bd2 49. Nf7+ Ke6 50. Ne5 a6 51. Nf3 Bc3 52. Ng5+ Kd6 53. Nf7+ Kc6 54. Ng5 Bf6 55. Nf3 b5 56. cxb5+ axb5 57. Nd2 Bc3 58. Nf3 Kd6 59. Kd3 Bf6 60. Nd2 Bc3 61. Nf3 Be5 62. Nd2 Bf4 63. Nf3 Bh6 64. Ne1 Ke5 65. Nc2 Bc1 66. Ne1 Kf4 67. Kc2 Ba3 68. Kd3 Bb2 69. Kc2 Bd4 70. Kd3 Ke5 71. Nf3+ Kd5 72. Ne1 c4+ 73. bxc4+ bxc4+ 74. Ke2 Bc5 75. Ng2 Ke4 76. Kd2 Bb4+ 77. Kc2 Kf3 78. Nh4+ Kg4 79. Ng6 Kf5 80. Ne7+ Bxe7 81. Kc3 Ke4 82. Kxc4 1/2-1/2

[Event "Reykjavik op"]
[Site "Reykjavik"]
[Date "2018.03.07"]
[Round "3"]
[White "Mai, Alexander Oliver"]
[Black "Johannesson, Haki"]
[Result "1-0"]
[WhiteElo "1995"]
[BlackElo "1696"]
[PlyCount "33"]
[EventDate "2018.03.06"]
[EventType "swiss"]
[EventRounds "9"]
[EventCountry "ISL"]
[SourceTitle "CBM 183 Extra"]
[Source "ChessBase"]
[SourceDate "2018.04.19"]
[SourceVersion "1"]
[SourceVersionDate "2018.04.19"]
[SourceQuality "1"]

1. e4 e5 2. Nf3 Nc6 3. Nc3 d6 4. Bb5 Bd7 5. d4 Nxd4 6. Bxd7+ Qxd7 7. Nxd4 exd4 8. Qxd4 Ne7 9. Bf4 Nc6 10. Qd2 g6 11. Nd5 0-0-0 12. Qc3 Be7 13. 0-0-0 Qe6 14. b4 Qd7 15. b5 Nb8 16. Nxe7+ Qxe7 17. Bxd6 1-0